书目信息 |
| 题名: |
清儒学术拾零
|
|
| 作者: | 陈祖武 著 | |
| 分册: | ||
| 出版信息: | 长沙 湖南出版社 2002 |
|
| 页数: | 366页 | |
| 开本: | 20cm | |
| 丛书名: | 学海一牛鸣 | |
| 单 册: | ||
| 中图分类: | B249.05 | |
| 科图分类: | ||
| 主题词: | 学术思想--思想史--中国--清代 | |
| 电子资源: | ||
| ISBN: | 7-5438-2091-9 | |
| 000 | 00586nam2 2200217 45 | |
| 001 | 0412020823 | |
| 005 | 20050912093859.92 | |
| 010 | @a7-5438-2091-9@dCNY20.50 | |
| 100 | @a20041202d2002 km y0chiy0120 ea | |
| 101 | 0 | @achi |
| 200 | 1 | @a清儒学术拾零@AQing Ru Xue Shu Shi Ling@f陈祖武著@FChen Zu Wu Zhu |
| 205 | @a2版 | |
| 210 | @a长沙@c湖南出版社@d2002 | |
| 215 | @a366页@d20cm | |
| 225 | @a学海一牛鸣 | |
| 410 | @12001 @a学海一牛鸣 | |
| 606 | 0 | @a学术思想@x思想史@y中国@z清代 |
| 690 | @aB249.05@v4 | |
| 701 | @a陈祖武@4著 | |
| 801 | @aCN@bTSTCL@c20050912 | |
| 905 | @dB249.05@e35=2 | |
| 清儒学术拾零/陈祖武著.-2版.-长沙:湖南出版社,2002 |
| 366页;20cm.-(学海一牛鸣) |
| ISBN 7-5438-2091-9:CNY20.50 |
| ● |
| 相关链接 |
|
|
|
|
正题名:清儒学术拾零
索取号:B249.05/35=2
 
预约/预借
| 序号 | 登录号 | 条形码 | 馆藏地/架位号 | 状态 | 备注 |
| 1 | 0336427 | 203364279 | 密集书库/ [索取号:B249.05/35=2] | 在馆 | |
| 2 | 0336428 | 203364288 | 密集书库/ [索取号:B249.05/35=2] | 在馆 | |
| 3 | 0336429 | 203364297 | 密集书库/ [索取号:B249.05/35=2] | 在馆 | |
| 4 | 0336430 | 203364304 | 密集书库/ [索取号:B249.05/35=2] | 在馆 | |
| 5 | 0336431 | 203364313 | 密集书库/ [索取号:B249.05/35=2] | 在馆 | |
| 6 | 0336432 | 203364322 | 密集书库/ [索取号:B249.05/35=2] | 在馆 | |
| 7 | 0336433 | 203364331 | 密集书库/ [索取号:B249.05/35=2] | 在馆 | |
| 8 | 0336434 | 203364340 | 第一样本阅览室/ [索取号:B249.05/35=2] | 在馆 | |
| 9 | 0360569 | 3605691 | 教育系资料室/ [索取号:B249.05/35=2] | 在馆 | |
| 10 | 0360570 | 3605708 | 第一借阅区/ [索取号:B249.05/35=2] | 在馆 | |
| 11 | 0360571 | 3605717 | 第一借阅区/ [索取号:B249.05/35=2] | 在馆 | |
| 12 | 0360572 | 3605726 | 第一借阅区/ [索取号:B249.05/35=2] | 在馆 | |
| 13 | 0360573 | 3605735 | 教育系资料室/ [索取号:B249.05/35=2] | 在馆 |